000 00658nam a2200193Ia 4500
008 130821s xxu gr spa
040 _aCo-BoUCM
_bspa
041 0 0 _aspa
100 1 _aGalbraith, John Kenneth
_d1908-2006
_932139
245 1 0 _aPerspectivas del desarrollo económico
_cJohn Kenneth Galbraith
260 _a[Washington]
_b[Editorial desconocida]
_c[fecha desconocida]
300 _a40 páginas
500 _aDonación Dr. Álvaro Daza Roa.
650 0 4 _aDesarrollo económico
_9438
650 0 4 _aEconomía internacional
_97543
650 0 4 _aEconomía
_9174
942 _cLIBRO
_a7
_e1
_mG148p
_2DEWEY
_h330
999 _c71664
_d71664